Comunidades Autónomas de España por Imágen - Estadísticas

Estadísticas generales
  • Esta prueba ha sido intentada 55 veces
  • La puntuación promedio es 16 de 19
Estadísticas de respuestas
Imagen Respuesta % Correcto
Comunidad Valenciana
100%
Comunidad de Madrid
96%
Castilla-La Mancha
94%
Cataluña
94%
Extremadura
94%
Andalucía
91%
Asturias
87%
Castilla y León
87%
Galicia
87%
Islas Canarias
87%
Región de Murcia
87%
Aragón
83%
Cantabria
83%
Navarra
83%
País Vasco
83%
Ceuta
77%
La Rioja
77%
Islas Baleares
74%
Melilla
74%
No se encontraron pruebas coincidentes
Distribución de puntuación
Porcentaje de gente con cada puntuación
Porcentaje por número respondido
Historial de tus puntuaciones
No has intentado esta prueba.